01494pam a2200301 45000010005000000030008000050050017000130080041000300200015000710350018000860400034001040410008001380820015001461000037001612450071001982600033002693000024003024900060003265040026003866500036004129420012004489990015004609520149004759520152006249520133007769520133009099520150010426884BD-RjUL20211208234330.0140112s1973 nyu b 001 0 eng d a0471517755 a(BD-RjUL)6926 aDLCcDLCdDLCd(BD-RjUL)beng aeng00a519.5bLAI1 aLarson, Harold J.,d1934-92137010aIntroduction to the theory of statistics /c[by] Harold J. Larson. aNew York :bWiley ,c[c1973] ax, 242 p. ;c23 cm.0 aWiley series in probability and mathematical statistics aBibliography: p. 229. 0aMathematical statistics.921617 2ddccBK c6884d6884 00102ddc40708NFICaRUCLbRUCLcstackd1974-05-29eNathional bank agencyg119.50l0o519.5 LAI 1973r2014-01-12 00:00:00tC-2w2014-01-12yBK 00102ddc40708NFICaRUCLbRUCLcStackd0198-08-02eParagon Enterprises Dhakag11.95l0o519.5 LAI 1973r2014-06-10 00:00:00tC-3w2021-12-08yBK 00102ddc40708NFICaRUCLbRUCLcStackd1981-01-05eHelferg10.40l0o519.5 LAI 1973r2016-08-31 00:00:00tC-4w2016-08-31yBK 00102ddc40708NFICaRUCLbRUCLcStackd1981-01-05eHelferg10.40l0o519.5 LAI 1973r2016-08-31 00:00:00tC-5w2016-08-31yBK 00102ddc40718NFICaRUCLbRUCLcReadingd1974-05-29eNational book agencyg119.50l0o519.5 LAI 1973r2017-04-16 00:00:00tC-1w2017-04-16yBK